| 000 | 00912nam a2200241Ia 4500 | ||
|---|---|---|---|
| 001 | 8750 | ||
| 003 | GE_BSU | ||
| 008 | 181216s||||||||xx |||||||||||||| ||und|| | ||
| 040 | _cGE_BSU | ||
| 080 | _a821.353.1–31 | ||
| 100 | _aინასარი, ნიკო | ||
| 245 | _aდრამა წითელ მდინარეზე.საფრანგეთ–ვიეტნამის ცხოვრებიდან | ||
| 245 | _bრომანი | ||
| 245 | _cრედ. ა.კელენჯელიძე | ||
| 260 | _aთბილისი | ||
| 260 | _bსაბჭოთა მწერალი | ||
| 260 | _c1950 | ||
| 300 | _a133გვ. 19სმ. | ||
| 653 | _aდრამა წითელ მდინარეზე | ||
| 653 | _aრომანი | ||
| 653 | _aსაფრანგეთ–ვიეტნამის ცხოვრებიდან | ||
| 942 | _cBK | ||
| 999 |
_c42060 _d42060 |
||